[Event "Let's Play Chess!"]
[Site "http://www.queenalice.com/game.php?id=1765920"]
[Date "2021.8.2"]
[Round "-"]
[White "Snoopy231100"]
[Black "charles31"]
[Result "1-0"]
[WhiteElo "1871"]
[BlackElo "1654"]

1. e4 e5 2. Nf3 d6 3. d4 exd4 4. Nxd4 a6 5. c4 h6 6. Nc3 Nf6 7. Be2 Be6 8. Nxe6
fxe6 9. Be3 Nc6 10. Qb3 Na5 11. Qa4+ Nc6 12. Rd1 Qd7 13. b4 g5 14. c5 b5 15.
cxb6 cxb6 16. b5 Ne5 17. f4 gxf4 18. Bxf4 Ng6 19. O-O Rh7 20. e5 Nd5 21. Nxd5
exd5 22. Qc2 dxe5 23. Qxg6+ Kd8 24. Qxb6+ Qc7 25. Bg5+ Be7 26. Rf8+ 1-0

[Event "Let's Play Chess!"]
[Site "http://www.queenalice.com/game.php?id=1765945"]
[Date "2021.8.2"]
[Round "-"]
[White "Snoopy231100"]
[Black "igorjava"]
[Result "1-0"]
[WhiteElo "2155"]
[BlackElo "2012"]

1. e4 c5 2. Nf3 d6 3. d4 cxd4 4. Nxd4 Nf6 5. Nc3 e5 6. Bb5+ Nfd7 7. Nf5 a6 8.
Ba4 b5 9. Bb3 Nb6 10. a4 Bxf5 11. exf5 b4 12. a5 bxc3 13. axb6 Qxb6 14. bxc3 Be7
15. Qd5 O-O 16. Qxa8 a5 17. Qxa5 1-0

[Event "AUTO-OPEN-4298"]
[Site "http://www.queenalice.com/game.php?id=1766366"]
[Date "2021.8.7"]
[Round "1"]
[White "maurice91"]
[Black "Snoopy231100"]
[Result "0-1"]
[WhiteElo "1841"]
[BlackElo "1500"]

1. d4 Nf6 2. Nf3 e6 3. c4 d5 4. Nc3 Bb4 5. Qc2 O-O 6. Bd2 c5 7. e3 cxd4 8. Nxd4
e5 9. Nb3 d4 10. exd4 exd4 11. Nb5 Re8+ 12. Kd1 Bxd2 13. Qxd2 Ne4 14. Qf4 g5 0-1

[Event "AUTO-OPEN-4298"]
[Site "http://www.queenalice.com/game.php?id=1766388"]
[Date "2021.8.7"]
[Round "1"]
[White "Snoopy231100"]
[Black "ratorei"]
[Result "1-0"]
[WhiteElo "2192"]
[BlackElo "2156"]

1. e4 e6 2. d4 d5 3. Nc3 dxe4 4. Nxe4 Nf6 5. Bg5 Be7 6. Bxf6 Bxf6 7. Nf3 Be7 8.
Bd3 Nd7 9. Qe2 Nb6 10. O-O-O Nd5 11. g3 c6 12. c4 Nb4 13. Bb1 Qa5 14. a3 Na6 15.
Ne5 b5 16. Nxc6 Qc7 17. d5 exd5 18. cxd5 b4 19. Rhe1 O-O 20. Qc2 f5 21. d6 Qb6
22. dxe7 1-0

[Event "AUTO-OPEN-4298"]
[Site "http://www.queenalice.com/game.php?id=1766389"]
[Date "2021.8.7"]
[Round "1"]
[White "ratorei"]
[Black "Snoopy231100"]
[Result "0-1"]
[WhiteElo "2165"]
[BlackElo "2238"]

1. e4 c5 2. Nf3 d6 3. d4 cxd4 4. Nxd4 Nf6 5. Nc3 a6 6. Be2 g6 7. Be3 Bg7 8. f3
O-O 9. Qd2 b5 10. a3 Qc7 11. f4 Bb7 12. Bf3 Nbd7 13. g4 Nb6 14. Qg2 Nc4 15. Bc1
Nxg4 16. Nb3 Nxb2 17. Qxg4 Qxc3+ 18. Bd2 Qxc2 19. O-O Qxb3 20. Rac1 Qd3 21. Qg2
Nc4 22. Rcd1 Ne3 23. Bxe3 Qxe3+ 24. Kh1 Qxf4 0-1

[Event "AUTO-OPEN-4298"]
[Site "http://www.queenalice.com/game.php?id=1766390"]
[Date "2021.8.7"]
[Round "1"]
[White "Snoopy231100"]
[Black "Pin"]
[Result "1-0"]
[WhiteElo "2112"]
[BlackElo "1970"]

1. e4 c5 2. Nf3 d6 3. d4 cxd4 4. Nxd4 Nf6 5. Nc3 a6 6. h3 e5 7. Nde2 Be6 8. g4
h6 9. Bg2 Be7 10. Ng3 g6 11. Nd5 Nxd5 12. exd5 Bd7 13. O-O Kf8 14. f4 Qb6+ 15.
Kh2 Bh4 16. Qe2 Bxg3+ 17. Kxg3 1-0

[Event "AUTO-OPEN-4298"]
[Site "http://www.queenalice.com/game.php?id=1766391"]
[Date "2021.8.7"]
[Round "1"]
[White "Pin"]
[Black "Snoopy231100"]
[Result "0-1"]
[WhiteElo "1970"]
[BlackElo "2048"]

1. e4 e6 2. d3 d5 3. Nd2 Nf6 4. Ngf3 b6 5. e5 Nfd7 6. g3 c5 7. Bg2 Nc6 8. Qe2 g5
9. h3 Bg7 10. Nb3 Ndxe5 11. O-O Nxf3+ 12. Qxf3 h6 13. Re1 O-O 14. c3 a5 15. Bd2
Ne5 16. Qe2 Ba6 17. Nc1 Ra7 0-1

[Event "Challenge"]
[Site "http://www.queenalice.com/game.php?id=1767176"]
[Date "2021.8.17"]
[Round "-"]
[White "Snoopy231100"]
[Black "chessman"]
[Result "1-0"]
[WhiteElo "1932"]
[BlackElo "1997"]

1. e4 e6 2. d4 d5 3. Nc3 dxe4 4. Nxe4 Nd7 5. Nf3 Ngf6 6. Nxf6+ Nxf6 7. Bd3 Be7
8. Qe2 Kf8 9. O-O b6 10. c3 h5 11. Ne5 Nd5 12. Qf3 Bf6 13. c4 1-0

[Event "AUTO-OPEN-4301"]
[Site "http://www.queenalice.com/game.php?id=1767229"]
[Date "2021.8.18"]
[Round "1"]
[White "SGF"]
[Black "Snoopy231100"]
[Result "0-1"]
[WhiteElo "1596"]
[BlackElo "2267"]

1. e4 e6 2. Qf3 c5 3. d3 Nc6 4. c3 d5 5. exd5 exd5 6. h3 Nf6 7. Bg5 Qb6 8. b3
Be7 9. h4 h6 10. Bxf6 Bxf6 11. Qxd5 O-O 12. Nf3 Be6 13. Qe4 Rfe8 14. Be2 Nb4 15.
cxb4 Bxa1 16. bxc5 Qxc5 17. O-O Bd5 18. Qg4 Rxe2 19. d4 Qc8 20. Qh5 Bxf3 21.
Qxf3 Rxa2 22. Nc3 Bxc3 23. Rc1 Ra1 24. Qe3 Bxd4 25. Qxd4 Rxc1+ 26. Kh2 Qf5 27.
g4 Qf3 28. b4 Rh1# 0-1

[Event "AUTO-OPEN-4301"]
[Site "http://www.queenalice.com/game.php?id=1767230"]
[Date "2021.8.18"]
[Round "1"]
[White "Snoopy231100"]
[Black "SGF"]
[Result "1-0"]
[WhiteElo "2267"]
[BlackElo "1604"]

1. e4 e5 2. Nf3 Qf6 3. Nc3 c6 4. d4 Bb4 5. dxe5 Qe6 6. Qd4 a5 7. a3 Bxc3+ 8.
Qxc3 b5 9. Bxb5 Ne7 10. Ng5 Qg6 11. Bc4 Rf8 12. h4 h6 13. h5 Qxg5 14. Bxg5 hxg5
15. O-O-O c5 16. e6 fxe6 17. Qxg7 Rxf2 18. Rdf1 Rxf1+ 19. Rxf1 Kd8 20. Rf8+ Kc7
21. Qxe7 Nc6 22. Qxc5 Rb8 23. h6 Bb7 24. Rxb8 Kxb8 25. Qb6 Ne5 26. h7 Nxc4 27.
h8=Q# 1-0

[Event "AUTO-OPEN-4301"]
[Site "http://www.queenalice.com/game.php?id=1767257"]
[Date "2021.8.18"]
[Round "1"]
[White "Snoopy231100"]
[Black "Canaye"]
[Result "1-0"]
[WhiteElo "2267"]
[BlackElo "1801"]

1. e4 e6 2. d4 d5 3. e5 c5 4. c3 Nc6 5. Nf3 Qb6 6. a3 cxd4 7. cxd4 h6 8. Nc3
Nge7 9. Bd3 Bd7 10. Be3 Nf5 11. Bxf5 exf5 12. Nxd5 Qa5+ 13. Nc3 Rc8 14. d5 Nb8
15. O-O Be7 16. Re1 Rxc3 17. bxc3 O-O 18. c4 b5 19. c5 a6 20. Nd4 g5 21. c6 Bc8
22. d6 Bxd6 23. exd6 1-0

[Event "AUTO-OPEN-4301"]
[Site "http://www.queenalice.com/game.php?id=1767258"]
[Date "2021.8.18"]
[Round "1"]
[White "Canaye"]
[Black "Snoopy231100"]
[Result "0-1"]
[WhiteElo "1828"]
[BlackElo "2267"]

1. d4 f5 2. c4 Nf6 3. Nc3 e6 4. Bg5 Be7 5. e3 O-O 6. Bd3 c5 7. Nge2 b6 8. O-O
Bb7 9. dxc5 bxc5 10. Qc2 Nc6 11. a3 h6 12. Bxf6 Bxf6 13. Nf4 g5 14. Nh5 Bh8 15.
Nb5 Ne5 16. Nd6 Bc6 17. Be2 Rb8 18. f4 Ng4 19. Bxg4 Rxb2 0-1